| 000 | 00738nam a2200217 u 4500 | ||
|---|---|---|---|
| 005 | 20220530115144.0 | ||
| 008 | 160628s2005 cl r 000 0 spa d | ||
| 020 | _a9789583018473 | ||
| 035 | _aUPN01000211707 | ||
| 049 | _aI | ||
| 050 | 4 |
_aQC16 F2 _bW5.4 |
|
| 100 | 1 |
_aWilliams, Brian _939887 |
|
| 245 | 1 | 0 |
_aFaraday y la ciencia de la electricidad / _cpor Brian Williams ; il. por David Antran ; tr. Diana Esperanza Gómez. |
| 260 |
_aBogotá : _bPanamericana, _c2005. |
||
| 300 |
_a32 p. : _bil. col. |
||
| 440 | 0 | _aZona de explosión | |
| 534 |
_pTítulo original : _tFaraday and the science of electricity |
||
| 600 | 1 | 2 |
_aFaraday, Michael, _d1791-1867 _916679 |
| 650 | 4 |
_aFISICOS - _vLITERATURA JUVENIL _9906 |
|
| 905 | _aInfantil | ||
| 999 |
_c183808 _d183808 |
||